GATT hlásí silnější růst světového obchodu. Pořadí nejvíce obchodujících států světa se za loňský rok podstatně změnilo. Rusko se v žebříčku dále propadá, zatímco asijské státy se dostávají na špici.

V r. 1992 bol zaznamenaný vzrast svetového obchodu. Hlavní iniciátori tohoto vývoja - USA a ázijské krajiny. Vývoj svetového obchodu v jednotlivých krajinách - postkomunistické európske štáty, Rusko a SNŠ, USA, západná Európa. Bilancia účtov.

Gespeichert in:
Bibliographische Detailangaben
Format: Buchkapitel
Sprache:Tschechisch
Schlagworte:
Tags: Tag hinzufügen
Keine Tags, Fügen Sie das erste Tag hinzu!

MARC

LEADER 00000naa a2200000 4500
001 r013690
005 20221205080504.5
041 0 |a cze 
044 |a CZ 
245 1 0 |a GATT hlásí silnější růst světového obchodu.  |b Pořadí nejvíce obchodujících států světa se za loňský rok podstatně změnilo. Rusko se v žebříčku dále propadá, zatímco asijské státy se dostávají na špici. 
520 |a V r. 1992 bol zaznamenaný vzrast svetového obchodu. Hlavní iniciátori tohoto vývoja - USA a ázijské krajiny. Vývoj svetového obchodu v jednotlivých krajinách - postkomunistické európske štáty, Rusko a SNŠ, USA, západná Európa. Bilancia účtov. 
610 2 0 |a obchod svetový 
610 2 0 |a USA 
610 2 0 |a Ázia 
610 2 0 |a stredná Európa 
610 2 0 |a východná Európa 
610 2 0 |a Rusko 
610 2 0 |a západná Európa 
610 2 0 |a bilancia obchodná